000
00206 a2200097 4500
001
38270
100
_a
Deeprose D
245
_a
The team coach
260
_a
New York
_b
Amacon
_c
1995
090
_c
24327
_d
24327
942
_a
NUST-CAE
_c
M
_c
15922
999
_c
273343
_d
273343